[Event "COL-ch sf"]
[Site "Pereira"]
[Date "2024.03.31"]
[Round "11"]
[White "Cardona Duque, Juan Esteban"]
[Black "Gonzalez Zapata, Julian David"]
[Result "1-0"]
[WhiteElo "1741"]
[BlackElo "1939"]
[PlyCount "95"]
[EventDate "2024.03.26"]
[EventType "swiss"]
[EventRounds "11"]
[EventCountry "COL"]
[SourceTitle "CB14_2024"]
[SourceDate "2024.04.01"]
[SourceVersion "1"]
[SourceVersionDate "2024.04.01"]
[SourceQuality "1"]

1. e4 c6 2. Nf3 d5 3. exd5 cxd5 4. Be2 Nc6 5. d4 Qc7 6. Be3 Nf6 7. Nbd2 Bf5 8. a3 e6 9. Rc1 Be7 10. 0-0 0-0 11. c4 dxc4 12. Nxc4 Rfd8 13. Nce5 Be4 14. b4 a6 15. Qb3 Bd5 16. Bc4 Qd6 17. Bxd5 Nxd5 18. Nxc6 bxc6 19. Ne5 Rdc8 20. Rc2 Bd8 21. Rfc1 Ne7 22. h3 Qd5 23. Qxd5 cxd5 24. Nd7 Rxc2 25. Rxc2 Rc8 26. Nc5 Nf5 27. Kf1 Nd6 28. Ke2 a5 29. Kd3 Nc4 30. Rxc4 dxc4+ 31. Kxc4 Kf8 32. Bf4 axb4 33. axb4 Ke7 34. Kb5 Bc7 35. Bxc7 Rxc7 36. Ka6 Kd8 37. b5 e5 38. b6 Rc6 39. Ka7 exd4 40. b7 Rxc5 41. b8Q+ Kd7 42. Qf8 Rd5 43. Qxf7+ Kc6 44. Qb7+ Kc5 45. Qxg7 Kc4 46. Qg4 Kc3 47. Qf3+ Kc4 48. Qe4 1-0

[Event "COL-ch sf"]
[Site "Pereira"]
[Date "2024.03.29"]
[Round "6"]
[White "Gonzalez Zapata, Julian David"]
[Black "Hernandez Aguilar, Elian Manuel"]
[Result "1-0"]
[WhiteElo "1939"]
[BlackElo "1400"]
[PlyCount "51"]
[EventDate "2024.03.26"]
[EventType "swiss"]
[EventRounds "11"]
[EventCountry "COL"]
[SourceTitle "CB14_2024"]
[SourceDate "2024.04.01"]
[SourceVersion "1"]
[SourceVersionDate "2024.04.01"]
[SourceQuality "1"]

1. e4 c5 2. Nf3 d6 3. d4 cxd4 4. Nxd4 Nf6 5. Nc3 a6 6. Bg5 e6 7. f4 Be7 8. Qf3 Nbd7 9. 0-0-0 Qc7 10. g4 e5 11. Nf5 Bf8 12. Kb1 h6 13. Bh4 exf4 14. Bxf6 Nxf6 15. Qxf4 Bxf5 16. exf5 Be7 17. Bg2 Rc8 18. h4 b5 19. Rhe1 a5 20. Rd2 0-0 21. g5 hxg5 22. hxg5 Nh7 23. f6 gxf6 24. Nd5 fxg5 25. Qf5 Qc5 26. Be4 1-0

[Event "Medellin de La Raza U2000 op"]
[Site "Medellin"]
[Date "2023.10.14"]
[Round "5"]
[White "Morales Perez, Ghisell Gabriela"]
[Black "Gonzalez Zapata, Julian David"]
[Result "1-0"]
[WhiteElo "1447"]
[BlackElo "1902"]
[PlyCount "27"]
[EventDate "2023.10.12"]
[EventType "swiss"]
[EventRounds "9"]
[EventCountry "COL"]
[SourceTitle "Mega2024 Update 01"]
[Source "Chessbase"]
[SourceDate "2023.11.12"]
[SourceVersion "1"]
[SourceVersionDate "2023.11.12"]
[SourceQuality "1"]

1. e4 c6 2. d4 d5 3. e5 Bf5 4. h4 h5 5. Bg5 Nd7 6. Bd3 Bxd3 7. Qxd3 Qa5+ 8. Bd2 Qb6 9. e6 fxe6 10. Qg6+ Kd8 11. Nf3 Qxb2 12. Ng5 Nh6 13. Nxe6+ Kc8 14. Qe8# 1-0

[Event "Medellin Flores op 30th"]
[Site "Medellin"]
[Date "2023.08.07"]
[Round "9"]
[White "Gonzalez Zapata, Julian David"]
[Black "Rodriguez Velasco, German Enrique"]
[Result "0-1"]
[WhiteElo "1874"]
[BlackElo "2016"]
[PlyCount "85"]
[EventDate "2023.08.03"]
[EventType "swiss"]
[EventRounds "9"]
[EventCountry "COL"]
[SourceTitle "EXT 2024"]
[Source "ChessBase"]
[SourceDate "2023.10.10"]
[SourceVersion "1"]
[SourceVersionDate "2023.10.10"]
[SourceQuality "1"]

1. e4 c5 2. Nf3 e6 3. d4 cxd4 4. Nxd4 a6 5. Bd3 Nc6 6. Nxc6 dxc6 7. Be3 e5 8. Nd2 Be6 9. Nc4 Nf6 10. Bb6 Qe7 11. c3 Nd7 12. Ba5 Bxc4 13. Bxc4 b6 14. Bb4 Nc5 15. Qf3 Qf6 16. Qxf6 gxf6 17. Bxc5 Bxc5 18. Rd1 b5 19. Bb3 a5 20. a3 Ke7 21. Ke2 b4 22. axb4 axb4 23. cxb4 Bd4 24. Rc1 Rhb8 25. Rhd1 Rxb4 26. Bc4 Rxb2+ 27. Rd2 Rxd2+ 28. Kxd2 Bxf2 29. Ke2 Bd4 30. Kf3 Rb8 31. Rc2 Rb1 32. Kg4 Rb8 33. Kh5 Rg8 34. Kh6 Rg4 35. g3 Rxe4 36. Bd3 Re3 37. Bf5 c5 38. Kxh7 e4 39. Kg7 Rf3 40. Bh7 e3 41. Rc1 c4 42. Re1 c3 43. Re2 0-1

[Event "Medellin Flores op 30th"]
[Site "Medellin"]
[Date "2023.08.07"]
[Round "8"]
[White "Mendez Ramirez, Victor"]
[Black "Gonzalez Zapata, Julian David"]
[Result "1-0"]
[WhiteElo "2162"]
[BlackElo "1874"]
[PlyCount "107"]
[EventDate "2023.08.03"]
[EventType "swiss"]
[EventRounds "9"]
[EventCountry "COL"]
[SourceTitle "CBM 215 Extra"]
[Source "ChessBase"]
[SourceDate "2023.09.30"]
[SourceVersion "1"]
[SourceVersionDate "2023.09.30"]
[SourceQuality "1"]

1. d4 Nf6 2. Nf3 d5 3. c4 e6 4. g3 Be7 5. Bg2 0-0 6. 0-0 dxc4 7. Ne5 Nc6 8. Nxc6 bxc6 9. Qa4 Qxd4 10. Rd1 Qb6 11. Na3 Ng4 12. e3 Bxa3 13. Qxa3 Ne5 14. Bd2 Nd3 15. Bc3 Bb7 16. b3 Qa6 17. Qe7 c5 18. e4 Qd6 19. Qg5 f6 20. Qe3 Qc6 21. bxc4 Ne5 22. Bxe5 fxe5 23. Qg5 Qa6 24. Rd7 Rf7 25. Rxf7 Kxf7 26. Qxe5 Qd6 27. Qh5+ Kg8 28. Rd1 Qe7 29. Qe5 Ba6 30. Rd5 Bxc4 31. Rxc5 Bxa2 32. Rxc7 Qf6 33. Qa5 Qb2 34. h4 a6 35. Qa4 a5 36. Qd7 Rf8 37. f4 Bb3 38. e5 Qb1+ 39. Kh2 Qg6 40. Be4 Qh6 41. Qe7 a4 42. Ra7 Bd1 43. Rd7 Bb3 44. Rd8 Rxd8 45. Qxd8+ Kf7 46. Qd7+ Kf8 47. Qd8+ Kf7 48. Bc6 g6 49. Be8+ Kg7 50. Qf6+ Kg8 51. Bf7+ Kf8 52. Bxe6+ Ke8 53. Qf7+ Kd8 54. Qd7# 1-0

[Event "Medellin Flores op 30th"]
[Site "Medellin"]
[Date "2023.08.05"]
[Round "5"]
[White "Gonzalez Zapata, Julian David"]
[Black "Betancourt Giraldo, David Rogelio"]
[Result "0-1"]
[WhiteElo "1874"]
[BlackElo "2042"]
[PlyCount "126"]
[EventDate "2023.08.03"]
[EventType "swiss"]
[EventRounds "9"]
[EventCountry "COL"]
[SourceTitle "CBM 215 Extra"]
[Source "ChessBase"]
[SourceDate "2023.09.30"]
[SourceVersion "1"]
[SourceVersionDate "2023.09.30"]
[SourceQuality "1"]

1. e4 c5 2. Nf3 d6 3. d4 cxd4 4. Nxd4 Nf6 5. Nc3 a6 6. Bg5 Nbd7 7. Bc4 e6 8. Bb3 h6 9. Bh4 Nc5 10. Qe2 Qc7 11. Bxf6 gxf6 12. 0-0-0 Bd7 13. f4 0-0-0 14. Kb1 Kb8 15. Qh5 Bc8 16. Rhe1 Rg8 17. Rd2 Qe7 18. Qf3 Rd7 19. f5 Rc7 20. Red1 Nxb3 21. cxb3 Qd8 22. Nde2 Rc5 23. Ng3 Be7 24. Qh5 Qf8 25. Qf3 Qg7 26. Nce2 Qg4 27. Qe3 h5 28. Rd4 Qg5 29. Qd3 h4 30. Nh1 exf5 31. Nf2 Qxg2 32. Rg1 Qxg1+ 33. Nxg1 Rxg1+ 34. Nd1 fxe4 35. Qe3 Rcg5 36. a4 d5 37. Rxd5 Rxd5 38. Qxg1 Bc5 39. Qe1 e3 40. Nc3 Rh5 41. b4 Ba7 42. Qd1 Rh8 43. Qd6+ Ka8 44. Qxf6 Re8 45. Qxf7 Re6 46. Qh5 Bd4 47. Ne2 Bf6 48. b5 Kb8 49. bxa6 Rxa6 50. Qe8 Re6 51. Qb5 Rd6 52. Qc5 Rd1+ 53. Ka2 Be6+ 54. Ka3 Rd3+ 55. Nc3 e2 56. Qf2 Be7+ 57. b4 Rxc3+ 58. Kb2 Bf6 59. Kb1 Bf5+ 60. Ka2 Rc2+ 61. Ka3 Be6 62. Qf4+ Ka8 63. Qxf6 Ra2# 0-1

[Event "Medellin Flores op 30th"]
[Site "Medellin"]
[Date "2023.08.04"]
[Round "2"]
[White "Gonzalez Zapata, Julian David"]
[Black "Esmeraldas Huachi, Anderson Yahir"]
[Result "0-1"]
[WhiteElo "1874"]
[BlackElo "2141"]
[PlyCount "112"]
[EventDate "2023.08.03"]
[EventType "swiss"]
[EventRounds "9"]
[EventCountry "COL"]
[SourceTitle "CBM 215 Extra"]
[Source "ChessBase"]
[SourceDate "2023.09.30"]
[SourceVersion "1"]
[SourceVersionDate "2023.09.30"]
[SourceQuality "1"]

1. e4 c5 2. Nf3 d6 3. d4 cxd4 4. Nxd4 Nf6 5. Nc3 a6 6. Bg5 Nbd7 7. Bc4 Qa5 8. Qd2 e6 9. 0-0-0 b5 10. Nb3 Qc7 11. Bd3 Be7 12. f4 0-0 13. Rhe1 Bb7 14. a3 Nb6 15. Na5 Rac8 16. Nxb7 Qxb7 17. Re3 Ng4 18. Rg3 Bxg5 19. Rxg4 Bf6 20. f5 exf5 21. exf5 Bxc3 22. bxc3 f6 23. Be4 Qa7 24. Qxd6 Kh8 25. Bc6 Nc4 26. Qd7 Rc7 27. Qd8 Rcf7 28. Rgd4 Qc5 29. Rxc4 bxc4 30. Qd6 Qe3+ 31. Kb2 Qb6+ 32. Kc1 Rb8 33. Rd4 Rff8 34. Qd5 Rfc8 35. Bd7 Rd8 36. Qxc4 h6 37. a4 Qb1+ 38. Kd2 Qg1 39. Qxa6 Rb1 40. Qe2 Qc1+ 41. Kd3 Qd1+ 42. Qd2 Qf1+ 43. Qe2 Rxd7 44. Qxf1 Rxd4+ 45. cxd4 Rxf1 46. d5 Kg8 47. c4 Ra1 48. c5 Kf7 49. Kc4 Rxa4+ 50. Kb5 Rd4 51. d6 Ke8 52. Kc6 Kd8 53. Kb7 Kd7 54. h3 Rb4+ 55. Ka6 Kc6 56. g4 Ra4# 0-1

[Event "Medellin Easter op 11th"]
[Site "Medellin"]
[Date "2023.04.08"]
[Round "5"]
[White "Builes Palacio, Santiago"]
[Black "Gonzalez Zapata, Julian David"]
[Result "0-1"]
[WhiteElo "1896"]
[BlackElo "1760"]
[PlyCount "58"]
[EventDate "2023.04.05"]
[EventType "swiss"]
[EventRounds "7"]
[EventCountry "COL"]
[SourceTitle "CBM 213 Extra"]
[Source "ChessBase"]
[SourceDate "2023.05.31"]
[SourceVersion "1"]
[SourceVersionDate "2023.05.31"]
[SourceQuality "1"]

1. d4 Nf6 2. Bg5 e6 3. Nd2 h6 4. Bh4 c5 5. e3 b6 6. Qf3 Nc6 7. Ne4 Be7 8. Bxf6 gxf6 9. 0-0-0 d5 10. dxc5 bxc5 11. c4 Ne5 12. Qf4 Ng6 13. Qf3 Bb7 14. cxd5 Bxd5 15. Bb5+ Kf8 16. Qe2 Qb6 17. f3 Bxa2 18. Bc4 Bxc4 19. Qxc4 Ne5 20. Qc3 c4 21. Ne2 Rb8 22. Nf4 Qa6 23. Kb1 Rb5 24. Qd4 Ra5 25. Nd6 Ra1+ 26. Kc2 Qa4+ 27. Kd2 Rxd1+ 28. Rxd1 Rg8 29. Rc1 Rxg2+ 0-1

[Event "Medellin Easter op 11th"]
[Site "Medellin"]
[Date "2023.04.07"]
[Round "4"]
[White "Gonzalez Zapata, Julian David"]
[Black "Olaya, Horacio"]
[Result "1-0"]
[WhiteElo "1760"]
[BlackElo "1495"]
[PlyCount "62"]
[EventDate "2023.04.05"]
[EventType "swiss"]
[EventRounds "7"]
[EventCountry "COL"]
[SourceTitle "CBM 213 Extra"]
[Source "ChessBase"]
[SourceDate "2023.05.31"]
[SourceVersion "1"]
[SourceVersionDate "2023.05.31"]
[SourceQuality "1"]

1. e4 e5 2. Nf3 Nc6 3. Bb5 a6 4. Ba4 Nf6 5. 0-0 b5 6. Bb3 Be7 7. Re1 0-0 8. a4 Bb7 9. d3 Re8 10. c3 Bf8 11. Ba2 d5 12. Nbd2 b4 13. Qc2 dxe4 14. dxe4 Rb8 15. Nb3 Qd7 16. h3 bxc3 17. bxc3 Nd8 18. Na5 Bxe4 19. Rxe4 Nxe4 20. Qxe4 Qd1+ 21. Kh2 Ne6 22. Nxe5 Bd6 23. Nac4 Bxe5+ 24. Nxe5 f6 25. Nf3 Qd7 26. Nd4 Rb6 27. Nxe6 Rexe6 28. Be3 Kf8 29. Bxe6 Qxe6 30. Qa8+ Kf7 31. Bxb6 Qxb6 1-0

[Event "Medellin Feria de las Flores op"]
[Site "Medellin"]
[Date "2022.08.03"]
[Round "1"]
[White "Gonzalez Zapata, Julian David"]
[Black "Soto, Cristian Camilo"]
[Result "0-1"]
[WhiteElo "1716"]
[BlackElo "2191"]
[PlyCount "20"]
[EventDate "2022.08.03"]
[EventType "swiss"]
[EventRounds "9"]
[EventCountry "COL"]
[SourceTitle "CBM 209 Extra"]
[Source "ChessBase"]
[SourceDate "2022.09.30"]
[SourceVersion "1"]
[SourceVersionDate "2022.09.30"]
[SourceQuality "1"]

1. e4 d6 2. Nf3 Nf6 3. Nc3 g6 4. g3 Bg7 5. Bg2 h5 6. d3 c6 7. h3 Nbd7 8. Bg5 b5 9. Qe2 b4 10. Nd1 Qa5 0-1

[Event "Medellin Aristizabal Cup"]
[Site "Medellin"]
[Date "2022.07.10"]
[Round "4"]
[White "Gonzalez Zapata, Julian David"]
[Black "Martinez, Mauricio"]
[Result "1/2-1/2"]
[WhiteElo "1707"]
[BlackElo "1898"]
[PlyCount "85"]
[EventDate "2022.07.08"]
[EventType "swiss"]
[EventRounds "7"]
[EventCountry "COL"]
[SourceTitle "CBM 209 Extra"]
[Source "ChessBase"]
[SourceDate "2022.09.30"]
[SourceVersion "1"]
[SourceVersionDate "2022.09.30"]
[SourceQuality "1"]

1. e4 e5 2. Nf3 Nf6 3. Nxe5 d6 4. Nf3 Nxe4 5. Nc3 Nxc3 6. dxc3 Be6 7. Bf4 Nd7 8. Qd2 Be7 9. 0-0-0 0-0 10. h4 Nc5 11. Nd4 a5 12. a3 Bf6 13. f3 d5 14. g4 Bxd4 15. cxd4 Nd7 16. g5 c5 17. Bd6 Re8 18. dxc5 Rc8 19. Bb5 Nxc5 20. Bxc5 Rxc5 21. Bxe8 Qxe8 22. Qf4 Qc8 23. c3 Rxc3+ 24. Kb1 Rc4 25. Qe3 b5 26. Rc1 d4 27. Qd2 b4 28. Ka1 g6 29. h5 bxa3 30. bxa3 Qc5 31. Rxc4 Qxa3+ 32. Qa2 Qxa2+ 33. Kxa2 Bxc4+ 34. Kb2 gxh5 35. Rxh5 Be2 36. Rh4 Bxf3 37. Rxd4 Kg7 38. Rf4 Bd1 39. Rd4 Bf3 40. Ra4 Kg6 41. Rxa5 Be4 42. Kc3 Bf5 43. Ra7 1/2-1/2

[Event "Medellin U2000 op"]
[Site "Medellin"]
[Date "2022.05.21"]
[Round "5"]
[White "Florez, Santiago"]
[Black "Gonzalez Zapata, Julian David"]
[Result "0-1"]
[WhiteElo "1770"]
[BlackElo "1707"]
[PlyCount "46"]
[EventDate "2022.05.18"]
[EventType "swiss"]
[EventRounds "7"]
[EventCountry "COL"]
[SourceTitle "CBM 208 Extra"]
[Source "ChessBase"]
[SourceDate "2022.07.31"]
[SourceVersion "1"]
[SourceVersionDate "2022.07.31"]
[SourceQuality "1"]

1. d4 d5 2. Nf3 Nf6 3. Bf4 c5 4. e3 Nc6 5. c3 Qb6 6. Qb3 c4 7. Qc2 Bf5 8. Qc1 e6 9. Nbd2 Rc8 10. Be2 Be7 11. 0-0 h6 12. Bd1 0-0 13. Bc2 Bxc2 14. Qxc2 a5 15. Rfe1 Qa6 16. e4 b5 17. exd5 Nxd5 18. Qe4 b4 19. Rac1 bxc3 20. bxc3 Na7 21. Ne5 Nxf4 22. Qxf4 Bg5 23. Qg4 Bxd2 0-1

[Event "Medellin Easter op 10th"]
[Site "Medellin"]
[Date "2022.04.16"]
[Round "7"]
[White "Gonzalez Zapata, Julian David"]
[Black "Valencia Quinchia, Isabella"]
[Result "1-0"]
[WhiteElo "1708"]
[BlackElo "1453"]
[PlyCount "51"]
[EventDate "2022.04.13"]
[EventType "swiss"]
[EventRounds "8"]
[EventCountry "COL"]
[SourceTitle "CBM 207 Extra"]
[Source "ChessBase"]
[SourceDate "2022.05.31"]
[SourceVersion "1"]
[SourceVersionDate "2022.05.31"]
[SourceQuality "1"]

1. e4 e5 2. Nf3 Nc6 3. d4 exd4 4. Nxd4 Nf6 5. Nxc6 bxc6 6. e5 Qe7 7. Qe2 Nd5 8. c4 Ba6 9. b3 g6 10. f4 Bg7 11. Qf2 Nb6 12. Ba3 Qe6 13. Nd2 d6 14. 0-0-0 0-0-0 15. c5 Bxf1 16. cxb6 Ba6 17. bxc7 Kxc7 18. Qxa7+ Bb7 19. exd6+ Rxd6 20. Qa5+ Kc8 21. Bxd6 Qxd6 22. g3 Qd4 23. Nc4 Qf2 24. Rd2 Qf3 25. Rhd1 Bf6 26. Nb6+ 1-0

[Event "Medellin Easter op 10th"]
[Site "Medellin"]
[Date "2022.04.15"]
[Round "4"]
[White "Negron Lizarazo, Juan Sebastian"]
[Black "Gonzalez Zapata, Julian David"]
[Result "1/2-1/2"]
[WhiteElo "1593"]
[BlackElo "1708"]
[PlyCount "105"]
[EventDate "2022.04.13"]
[EventType "swiss"]
[EventRounds "8"]
[EventCountry "COL"]
[SourceTitle "CBM 207 Extra"]
[Source "ChessBase"]
[SourceDate "2022.05.31"]
[SourceVersion "1"]
[SourceVersionDate "2022.05.31"]
[SourceQuality "1"]

1. e4 c6 2. Nc3 d5 3. Nf3 dxe4 4. Nxe4 Bg4 5. h3 Bh5 6. Ng3 Bg6 7. h4 h6 8. Ne5 Bh7 9. Qh5 g6 10. Bc4 e6 11. Qe2 Qe7 12. a4 Nd7 13. b3 Nxe5 14. Qxe5 Qf6 15. Qxf6 Nxf6 16. Bb2 Bg7 17. Ne4 Ke7 18. Ba3+ Kd7 19. Bb2 Ne8 20. Bxg7 Nxg7 21. g4 f5 22. Nf6+ Ke7 23. g5 Ne8 24. Nxe8 Raxe8 25. f4 Bg8 26. 0-0-0 hxg5 27. hxg5 Bf7 28. d4 Rh5 29. Be2 Rhh8 30. Bf3 Rd8 31. Rxh8 Rxh8 32. Rh1 Rd8 33. Rd1 Kd6 34. Kb2 b6 35. b4 Rh8 36. Rh1 Rxh1 37. Bxh1 c5 38. c3 Be8 39. b5 Bd7 40. Bb7 cxd4 41. cxd4 Kc7 42. Bf3 Bc8 43. Kc3 a6 44. Kc4 a5 45. d5 Kd6 46. dxe6 Bxe6+ 47. Kc3 Kc5 48. Bc6 Bf7 49. Bf3 Be8 50. Bg2 Bd7 51. Bf3 Be6 52. Bc6 Bf7 53. Bf3 1/2-1/2

[Event "Medellin Conconcreto op"]
[Site "Medellin"]
[Date "2018.01.27"]
[Round "5"]
[White "Chirivi Castiblanco, Angie Lizeth"]
[Black "Gonzalez Zapata, Julian David"]
[Result "1-0"]
[WhiteElo "2033"]
[BlackElo "1754"]
[PlyCount "81"]
[EventDate "2018.01.24"]
[EventType "swiss"]
[EventRounds "7"]
[EventCountry "COL"]
[SourceTitle "CBM 182 Extra"]
[Source "ChessBase"]
[SourceDate "2018.02.23"]
[SourceVersion "1"]
[SourceVersionDate "2018.02.23"]
[SourceQuality "1"]

1. e4 c5 2. Nf3 Nc6 3. d4 cxd4 4. Nxd4 e5 5. Nb5 a6 6. Nd6+ Bxd6 7. Qxd6 Qf6 8. Qd2 Qg6 9. Nc3 d5 10. f3 dxe4 11. Nxe4 Nd4 12. c3 f5 13. Ng5 Ne6 14. Nh3 Nf6 15. Qd6 Nd7 16. Bc4 Nf4 17. Qxg6+ Nxg6 18. Ng5 Nb6 19. Bb3 h6 20. Bf7+ Ke7 21. Bxg6 Kf6 22. Nf7 Rf8 23. Be3 Nd7 24. Bxf5 Kxf5 25. Nd6+ Ke6 26. 0-0-0 Nf6 27. Bc5 Rd8 28. f4 Nd7 29. f5+ Kf6 30. Bf2 g5 31. fxg6 Kxg6 32. Nxc8 Raxc8 33. Rd6+ Nf6 34. Rhd1 Rxd6 35. Rxd6 Kf5 36. Bh4 Rf8 37. Rxf6+ Rxf6 38. Bxf6 Kxf6 39. Kd2 Kf5 40. Ke3 e4 41. c4 1-0

[Event "Medellin Conconcreto op"]
[Site "Medellin"]
[Date "2018.01.26"]
[Round "3"]
[White "Piedrahita Hernandez, Byron Miguel"]
[Black "Gonzalez Zapata, Julian David"]
[Result "0-1"]
[WhiteElo "1681"]
[BlackElo "1754"]
[PlyCount "100"]
[EventDate "2018.01.24"]
[EventType "swiss"]
[EventRounds "7"]
[EventCountry "COL"]
[SourceTitle "CBM 182 Extra"]
[Source "ChessBase"]
[SourceDate "2018.02.23"]
[SourceVersion "1"]
[SourceVersionDate "2018.02.23"]
[SourceQuality "1"]

1. e4 c5 2. Nc3 e6 3. Bc4 Nc6 4. d3 Nge7 5. Bg5 a6 6. a4 h6 7. Bh4 Ne5 8. Nf3 N5g6 9. Bg3 d5 10. Bb3 dxe4 11. Nxe4 Nf5 12. a5 Nxg3 13. hxg3 Be7 14. Rh5 Qc7 15. Qd2 0-0 16. 0-0-0 b5 17. Rxh6 Ne5 18. Rdh1 f6 19. Qf4 Nxd3+ 20. cxd3 Qxf4+ 21. gxf4 gxh6 22. Rxh6 Kg7 23. Rh5 Bd7 24. Nxc5 Rac8 25. d4 Bxc5 26. dxc5 Rh8 27. Rxh8 Kxh8 28. Nd4 Rxc5+ 29. Kd2 e5 30. fxe5 fxe5 31. Nf3 Bc6 32. Ne1 e4 33. Ke3 Kg7 34. Be6 b4 35. f4 exf3 36. Nxf3 Bxf3 37. Kxf3 Rxa5 38. Ke4 Kf6 39. Bc4 Re5+ 40. Kd4 a5 41. b3 Rg5 42. Bd5 Ke7 43. Kc5 Kd7 44. Kd4 Kd6 45. Bf3 Rc5 46. Be2 Rc3 47. Bc4 Rg3 48. Bd5 a4 49. bxa4 b3 50. Bxb3 Rxb3 0-1